| 000 | 00598nam a2200217Ia 4500 | ||
|---|---|---|---|
| 003 | OSt | ||
| 005 | 20230524113453.0 | ||
| 008 | 210423s2015 xx 000 0 und d | ||
| 020 | _a978-81-8043-113-5 | ||
| 040 | _cAL | ||
| 041 | _aeng | ||
| 082 | _a418.02 NIMT | ||
| 100 |
_aNIMSARKAR (P D) _9112145 |
||
| 245 | _aTranslation studies: recent and contemporary theories | ||
| 260 |
_aNew Delhi _bCreative Books _c2015 |
||
| 300 |
_a273 _bHB |
||
| 365 |
_b1000 _cINR |
||
| 650 |
_aLinguistics _9112146 |
||
| 906 | _acontemporary ; recent ; studies: ; theories ; Translation | ||
| 942 |
_2ddc _cBK |
||
| 999 |
_c168010 _d168010 |
||